| 000 | 01784nam a2200313Ia 4500 | ||
|---|---|---|---|
| 001 | Para_9722 | ||
| 003 | CHAP | ||
| 005 | 20240408144713.0 | ||
| 008 | 220125s2008 xx 000 0 und d | ||
| 010 | _a205269 | ||
| 020 | _a9789682482571 | ||
| 040 | _cCHAP | ||
| 082 | _aPA 338.13 O76 | ||
| 100 |
_aOropeza Martínez, Humberto _9171272 |
||
| 245 |
_aLa agricultura : _b económia, administración y costos / _c Humberto Oropeza Martínez |
||
| 250 | _a2 | ||
| 260 |
_aMéxico : _b Trillas |
||
| 300 | _a175 p | ||
| 520 | _aLa agricultura es factor de desarrollo económico de gran importancia para cualquier nación, y como todo proceso de producción, obedece a lineamientos administrativos referentes a la organización de las unidades de producción rural, el aprovechamiento de los recursos naturales, la captación y el empleo de la fuerza de trabajo, y la asignación del capital.Estos y otros temas de la administración y la economía aplicadas a la agricultura, se abordan aquí con el fin de que tanto el estudiante de ingeniería agrícola como los productores agrícolas puedan profundizar en los problemas del campo mediante el análisis de los elementos que les permitan configurar una administración y un sistema de contabilidad dentro de cada empresa agrícola, además de que responda a los requerimientos de una planeación cuidadosa y una evaluación objetiva de los resultados de la producción agrícola. | ||
| 650 |
_aAgricultura _x Administración _9149628 |
||
| 650 |
_aAgricultura _x Aspectos económicos |
||
| 650 |
_aAgricultura _x Costos _91385 |
||
| 901 | _aPA 338.13 O76 | ||
| 902 | _aM | ||
| 905 | _a5232202008 ain 8000000000 06 | ||
| 910 | _a2008 | ||
| 942 |
_cPARA _2ddc |
||
| 942 |
_cPARA _2ddc |
||
| 999 |
_c205269 _d205269 |
||